Statistiques concernant La Guerre des Clans - Chats les plus cités du quatrième cycle

Cliquez ici pour prendre le quiz!

Statistiques générales

  • Ce quiz a été pris 22 fois
  • Le résultat moyen est 14 sur 20

Statistiques - réponses

ClassementRéponseNombre d'occurrences% Correct
2èmeŒil de Geai1971
100%
3èmePelage de Lion1732
100%
1erAile de Colombe2123
89%
5èmeÉtoile de Feu815
89%
9èmeFeuille de Houx317
89%
12èmePoil d'Écureuil275
89%
7èmeCœur de Tigre381
78%
16èmeÉtoile du Tigre209
78%
4èmeFeuille de Lis1446
78%
13èmeFeuille de Lune245
78%
8èmeGriffe de Ronce364
78%
17èmePlume Grise199
78%
10èmeBelle Églantine286
56%
6èmeCœur Cendré465
56%
18èmePlume de Faucon198
56%
14èmePlume de Flamme242
56%
20èmeÉtoile de Jais188
44%
11èmePluie de Pétales281
44%
15èmePoil de Bourdon217
44%
19èmePatte de Renard195
11%

Distribution des résultats

Percentile par nombre de réponses

% des personnes avec chaque résultat

Votre développement - résultats

Vous n’avez pas pris ce quiz